000 00337nam a2200145 a 4500
008 990104s1974||||xx 0 und c
040 _aSNK
_bslo
_cSNK
_eAACR2
100 1 _aManfred, A. Z.
245 1 0 _aNapoleon Bonaparte
260 _aBratislava
_bPravda
_c1974
300 _a692 s.
044 _axo
_cSK
041 _aslo
020 _c46
999 _c12120
_d12120